Catálogo
 En Linea

Cristóbal Colón, 1506-2006, historia y leyenda : (Registro nro. 33348)

Detalles MARC
000 -CABECERA
campo de control de longitud fija 00887nam a2200181 a 4500
001 - NÚMERO DE CONTROL
campo de control 000033857
005 - FECHA Y HORA DE LA ÚLTIMA TRANSACCIÓN
campo de control 20200930070556.0
008 - DATOS DE LONGITUD FIJA--INFORMACIÓN GENERAL
campo de control de longitud fija 110913s2006 es 000 0 spa d
020 ## - NÚMERO INTERNACIONAL ESTÁNDAR DEL LIBRO
Número Internacional Estándar del Libro 8479930373
040 ## - FUENTE DE LA CATALOGACIÓN
Centro catalogador/agencia de origen DO-SdBNP
Lengua de catalogación spa
Centro/agencia transcriptor BNPHU
049 ## - FONDOS LOCALES (OCLC)
Fondos de biblioteca BNPD
245 00 - MENCIÓN DE TÍTULO
Título Cristóbal Colón, 1506-2006, historia y leyenda :
Resto del título Congreso Internacional /
Mención de responsabilidad, etc. coordinadora Consuelo Varela.
260 ## - PUBLICACIÓN, DISTRIBUCIÓN, ETC.
Lugar de publicación, distribución, etc. Palos de la Frontera (Huelva) :
Nombre del editor, distribuidor, etc. Universidad Internacional de Andalucía, Sede Iberoamericana Santa María de la Rábida,
Fecha de publicación, distribución, etc. 2006.
300 ## - DESCRIPCIÓN FÍSICA
Extensión 398 p. ;
Dimensiones 25 cm.
500 ## - NOTA GENERAL
Nota general Incluye referencias bibliográficas y notas al pie de las páginas
700 1# - PUNTO DE ACCESO ADICIONAL--NOMBRE DE PERSONA
Nombre de persona Varela, Consuelo
Fechas asociadas al nombre 1945-
9 (RLIN) 59273
710 1# - PUNTO DE ACCESO ADICIONAL--NOMBRE DE ENTIDAD CORPORATIVA
Nombre de entidad corporativa o nombre de jurisdicción como elemento de entrada Universidad Internacional de Andalucía, Sede Iberoamericana Santa María de la Rábida, Excmo. Ayuntamiento de Palos de la Frontera
Unidad subordinada Consejo Superior de Investigaciones Científicas-EEHA
9 (RLIN) 59274
Existencias
Estado de retiro Estado de pérdida Restricciones de uso No para préstamo Código de colección Localización permanente Ubicación/localización actual Ubicación en estantería Fecha de adquisición Número de inventario Total de préstamos Signatura topográfica completa Código de barras Fecha visto por última vez Precio válido a partir de Tipo de ítem Koha
      Excluido de préstamo Monografías: Libros y Folletos General General En catalogación 13.09.2011 LF1   33857-10 25.06.2020 25.06.2020 No se presta

Con tecnología Koha